| 000 | 01209cam a22002533a 4500 | ||
|---|---|---|---|
| 001 | 17193 | ||
| 003 | PGUSA | ||
| 005 | 20140828083352.0 | ||
| 008 | 051130s2005||||xxu|||||s|||||000 p eng d | ||
| 040 |
_aPGUSA _beng |
||
| 042 | _adc | ||
| 050 | 4 | _aPQ | |
| 100 | 1 |
_aNobre, António Pereira, _d1867-1900 |
|
| 245 | 1 | 0 |
_aSó _h[electronic resource] / _cAntónio Pereira Nobre |
| 260 |
_bProject Gutenberg, _c2005 |
||
| 505 | 0 | _aTABOA -- -- Antonio -- Menino e Moço -- Os Cavalleiros -- Purinha -- Elegia -- Os Sinos -- Terças-Feiras -- Carta A Manoel -- Para As Raparigas De Coimbra -- Luzitania No Bairro-Latino -- Os Figos Pretos -- Febre Vermelha -- Poentes De França -- Pobre Tysica! -- A Poezia Do Outonno -- Sta. Iria -- Enterro De Ophelia -- Ballada Do Caixão -- Á Toa -- A Vida -- O Somno De Joao -- Ao Canto Do Lume -- A Sombra -- O Meu Cachimbo -- Ca (ro) Da (ta) Ver (mibus) -- Quando Chegar A Hora -- Certa Velhinha -- Males De Anto -- Ah Deixem-me Dormir! | |
| 506 | _aPublic domain in the USA. | ||
| 516 | _aElectronic text | ||
| 653 | _aPortuguese poetry | ||
| 653 | _aPoetry | ||
| 830 | 0 |
_aProject Gutenberg _v17193 |
|
| 856 | 4 | 0 | _uhttp://www.gutenberg.org/ebooks/17193 |
| 942 | _cEB | ||
| 999 |
_c246448 _d246448 |
||